Universities with the Most Nobel Prizes - Statistics

General Stats
  • This quiz has been taken 60 times
  • The average score is 12 of 20
Answer Stats
# School % Correct
121 Harvard
96%
104 Cambridge
93%
50 Oxford
93%
48 Yale
93%
77 MIT
88%
54 Stanford
82%
53 Princeton
80%
83 Berkeley
77%
87 Columbia
66%
98 Chicago
61%
28 Pennsylvania
61%
25 Paris
57%
43 Cornell
55%
24 College London
52%
52 Caltech
39%
31 Johns Hopkins
39%
24 Berlin
36%
24 Washington (St. Louis)
27%
30 Gottingen
13%
25 Rockefeller
7%
No matching quizzes found
Score Distribution
Percent of People with Each Score
Percentile by Number Answered
Your Score History
You have not taken this quiz